Key services recorder for motorists / (Record no. 12059)

MARC details
000 -LEADER
fixed length control field 00813nam a2200229Ia 4500
008 - FIXED-LENGTH DATA ELEMENTS--GENERAL INFORMATION
fixed length control field 210303s9999 xx 000 0 und d
016 ## - NATIONAL BIBLIOGRAPHIC AGENCY CONTROL NUMBER
Source retro2021
020 ## - INTERNATIONAL STANDARD BOOK NUMBER
ISBN 9780277412
040 ## - CATALOGING SOURCE
Original cataloging agency NLN
Language of cataloging English
100 ## - MAIN ENTRY--AUTHOR
Author CHUKWUEMEKE, G. I.
Relator term aut
245 #0 - TITLE STATEMENT
Title Key services recorder for motorists /
Statement of responsibility, etc G. I. Chukwuemeke
260 ## - PUBLICATION, DISTRIBUTION, ETC. (IMPRINT)
Place of publication Ikoyi, Lagos state ( 77, Jubrilla street, Ijesha-surulere, P. O. Box 52493 ) :
Name of publisher Eife Nigeria,
Date of publication 1998
300 ## - COLLATION
Pagination iv, 20p. :
Other physical details ill, ; 21cm.
563 ## - BINDING INFORMATION
Binding note (pbk)
650 ## - TRACINGS
Main Subject Automobile
Subdivision (1st) Cost of operation
Subdivision (2nd) Handbooks, manuals
650 ## - TRACINGS
Main Subject Automobile drivers' records
Subdivision (1st) Handbooks, manuals
650 ## - TRACINGS
Main Subject Automobile
Subdivision (1st) Maintenance and repairs
Subdivision (2nd) Handbooks, manuals, e.t.c.
942 ## - ADDED ENTRY ELEMENTS (KOHA)
Item type Books
942 ## - ADDED ENTRY ELEMENTS (KOHA)
Suppress in OPAC No
050 ## - LIBRARY OF CONGRESS CALL NUMBER
Classification number TL151.5
Item number .C559
082 ## - DEWEY DECIMAL CLASSIFICATION NUMBER
Classification number 629.222
Holdings
Source of classification or shelving scheme Not for loan Home library Current library Date acquired Full call number Barcode. Koha item type
Library of Congress Classification   IBADAN BRANCH LIBRARY National Library of Nigeria 04/03/2021 TL151.5. C559 2024-555555550994876 Books

National Library of Nigeria OPAC is powered by Koha